000
00317 a2200121 4500
000
nam a22 7a 4500
005
20260409115719.0
020
_a
9781032377186
100
_a
Edited By Hemangini Gupta
_9
1234456
245
_a
Feminist Studies : An Introductory Reader
260
_b
Routledge
_c
2025
942
_c
TEXL
999
_c
1848160
_d
1848160